| 000 | 00538nam a2200229Ia 4500 | ||
|---|---|---|---|
| 005 | 20251020182537.0 | ||
| 008 | 200515s9999 xx 000 0 und d | ||
| 082 | _a725.75/D14 | ||
| 110 | _aEdiciones Daly | ||
| 245 | 0 | _aEnciclopedia de la construcción : Acabados y decoraciones | |
| 260 | _aCórdova | ||
| 260 | _c199? | ||
| 300 | _a120 | ||
| 500 | _a1 ejemplar | ||
| 650 | _aCUBIERTAS | ||
| 650 | _aHORNOS | ||
| 650 | _aINSTALACIONES DEPORTIVAS | ||
| 650 | _aLIB | ||
| 650 | _aPISCINAS | ||
| 650 | _aTEJAS | ||
| 942 | _cLIB | ||
| 999 |
_c2286 _d2286 |
||